MARC

LEADER 00000nab a2200000 a 4500
001 vtls000133971
003 SK-MaSNL
005 20260426075434.0
008 250423c1982 xo 0 slo
015 |a SNBRB19rr/mm-uuuuu 
035 |a CL0144077 
035 |a urn:nbn:sk:snk-abek17 
035 |a (urnnbn)urn:nbn:sk:snk:ar-003cad 
035 |a (uuid)985429b5-6ee9-4ced-91ef-c6beee5b8b9e 
040 |a SNKBUCL  |b slo  |c SNKBUCL  |e AACR2 
041 0 |a slo 
044 |a xo  |c SK 
080 |a 82:929:860 (729.1)  |2 1981 
080 |a 860 (729.1)  |2 1981 
080 |a 929 Guillén, Nicolás  |2 1981 
080 |a 82  |2 1981 
080 |a 061.7  |2 1981 
080 |a 885.4  |2 1981 
245 0 0 |a Matiné československo-kubánskeho priateľstva 
500 |a V rubrike Zo života ZSS 
600 1 7 |a Guillén, Nicolás,  |d 1902-1989  |2 snkbucl  |9 239949 
650 0 7 |a spoločenské podujatia  |2 snkbucl  |9 268482 
650 0 7 |a kubánski spisovatelia  |2 snkbucl  |9 89471 
651 7 |a Bratislava (Slovensko)  |2 snkbucl  |9 14568 
655 7 |a poznámky  |2 snkbucl  |9 285558 
655 7 |a články z novín a časopisov  |2 snkbucl  |9 267496 
655 7 |a články z odboru literárna veda a krásna literatúra  |2 snkbucl  |9 770045 
773 0 |t Slovenské pohľady  |g Roč. 98, č. 10 (1982), s. 156-157 
850 |a Slovenská národná knižnica 
852 |a Slovenská národná knižnica 
954 |a odborná, vedecká literatúra pôvodná (slovenská)  |2 lita 
958 |a article27 
958 |a RK 
958 |a LX 
958 |a OND 
958 |a EUIPO 
992 |a RBX 
999 |c 2773751  |d 2775681